[Event "FRA-chT4 0304"]
[Site "Bretagne"]
[Date "2004.03.14"]
[Round "6"]
[White "Ollivier, Franck"]
[Black "Blanchard, Jody"]
[Result "1/2-1/2"]
[WhiteElo "1650"]
[BlackElo "1870"]
[PlyCount "51"]
[EventDate "2003.10.12"]
[EventType "team"]
[EventRounds "9"]
[EventCountry "FRA"]
[SourceTitle "EXT 2005"]
[Source "ChessBase"]
[SourceDate "2004.11.15"]
[SourceVersion "1"]
[SourceVersionDate "2004.11.15"]
[SourceQuality "1"]

1. d4 d5 2. c4 e6 3. Nc3 Nf6 4. Bg5 Be7 5. Nf3 0-0 6. e3 b6 7. Rc1 Bb7 8. cxd5 exd5 9. Bd3 Nbd7 10. 0-0 Rc8 11. a3 a5 12. Bf5 Ra8 13. Qb3 Re8 14. Rfe1 Nf8 15. Ne5 Nh5 16. Bxe7 Rxe7 17. Nb5 c5 18. Nc3 Qd6 19. h3 Rae8 20. Na4 g6 21. Bg4 f6 22. Bxh5 fxe5 23. dxc5 bxc5 24. Nxc5 Bc6 25. Ne4 Qe6 26. Bg4 1/2-1/2